| 000 | 00569nam a22001697a 4500 | ||
|---|---|---|---|
| 003 | NUST | ||
| 038 | _aNusrat Nadeem | ||
| 082 | _a200 | ||
| 100 |
_aNaseer, Ayesha _9124481 |
||
| 245 |
_aThe Impact of Business Analytics in Information Security Risk Management/ _cAyesha Naseer, |
||
| 264 |
_aRawalpindi; _bMCS Rawalpindi; _c2023. |
||
| 300 |
_a83,p; _bill; _c30,cm. |
||
| 650 |
_aPhD- Computer Software Engineering _9124478 |
||
| 700 |
_aSupervisor:Dr.Adil Masood Siddiqui _9120740 |
||
| 856 | _uhttp://10.250.8.41:8080/xmlui/handle/123456789/32471 | ||
| 942 |
_2ddc _cSC |
||
| 999 |
_c610332 _d610332 |
||